000 003350000a22001330004500
041 0 _aSPA
082 0 4 _aG 922 M8751u
100 1 _aVago, Ismael A.
245 1 0 _aMorris : Una vida consagrada a la niƱez desamparada / Ismael A. Vago
260 _aBuenos Aires, Argentina : La Aurora
300 _a134 Pag
001 11415
942 _cBK
999 _c40728
_d40728